000 00534nam a2200193 i 4500
001 26108
003 ES-MaACL
005 20230906153404.0
007 t|
008 030107q1920 sp |||| | spa d
100 1 _aArnold, Mario.
_923110
245 1 3 _aEl dolor de la bohemia /
_cMario Arnold.
260 _aAlbacete :
_bGuirado y González,
_c[1920]
300 _a24 p. ;
_c16 cm.
490 1 _aLa novela manchega ;
_v3
830 0 _aLa novela manchega ;
_v3
_9229158
852 _aES-MaACL
_j1676-F-4
999 _c26108
_d26108